000 00904nam a2200241 a 4500
999 _c10981
_d10981
001 10981
003 BD-JhCC
005 20220614134022.0
008 190614s20162019bg a|||| |||| 000 0 ben d
020 _a9847009603457
035 _a(BD-JhCC)10981
040 _aBD-JhCC
_dBD-JhCC
041 _aben
082 _a510.76
_bSAR 2019
100 _aসরকার, দিপু
245 _aকম্বিনোটরিক্স ও সম্ভাবনা :
_bলক্ষ্য যখন অলিম্পিয়াড /
_cদিপু সরকার,
260 _aঢাকা :
_bতম্রলিপি,
_c২০১৯.
300 _a২০৭ পৃ. :
_bচিত্রবলী,
_c২০ সেমি.
504 _aগ্রন্থপঞ্জি অর্ন্তভূক্ত
650 _aInternational Mathematics Olympiad
650 _aMathematics
942 _2ddc
_cBK
_013